Graphis product design 3
| Main Authors: | , |
|---|---|
| Format: | Book |
| Language: | English |
| Published: |
New York :
Graphis ,
c2003
|
| Subjects: |
MARC
| LEADER | 00000cam a2200000 7i4500 | ||
|---|---|---|---|
| 001 | 0000007381 | ||
| 005 | 20070301093000.0 | ||
| 008 | 061004 nyu eng | ||
| 020 | |a 1931241317 | ||
| 090 | 0 | 0 | |a TS171 |b .G73 2003 |
| 245 | 0 | 0 | |a Graphis product design 3 |c editors, Laetitia Wolff and Michael Porciello |
| 260 | 2 | |a New York : |b Graphis , |c c2003 | |
| 300 | |a 256 p. : |b col. ill. ; |c 31 cm. | ||
| 650 | 0 | |a Design, Industrial | |
| 700 | 1 | |a Porciello, Michael , |e author | |
| 700 | 1 | |a Wolff, Laetitia , |e author | |
| 999 | |a 1000105702 |b Book |c Reference |e Gong Badak Campus | ||